| 000 | 00739nam a2200217 i 4500 | ||
|---|---|---|---|
| 001 | 52064 | ||
| 003 | ES-MaACL | ||
| 005 | 20250321174948.0 | ||
| 007 | t| | ||
| 008 | 030825s1984 sp |||| | spa d | ||
| 100 | 1 |
_aChaucer, Geoffrey. _938193 |
|
| 245 | 1 | 3 |
_aEl cuento del molinero / _cGeoffrey Chaucer ; traducción, comentario y notas de Amadeo Aláez Rojo ; prólogo de Gonzalo Torrente Ballester. |
| 260 |
_aMadrid : _bIniciativas de Cultura, _c[1984] |
||
| 300 |
_a54 p. : _bil. ; _c24 cm. |
||
| 490 | 1 |
_aIndec ; _v9 |
|
| 700 | 1 |
_aAláez Rojo, Amadeo _919076 |
|
| 700 | 1 |
_aTorrente Ballester, Gonzalo, _d1910-1999 _9110850 |
|
| 830 | 0 |
_aIndec ; _v9 _9184316 |
|
| 852 |
_aES-MaACL _jL-7591 |
||
| 999 |
_c52064 _d52064 |
||